| 000 | 00000nam##2200000za#4500 |
| 001 | 9.695670 |
| 003 | CaOODSP |
| 005 | 20230202144025 |
| 007 | cr ||||||||||| |
| 008 | 150407|1994||||xxc|||||o f|0| 0 eng|d |
| 040 | |aCaOODSP|beng |
| 043 | |an-cn--- |
| 086 | 1 |aH72-21/123-1994E-PDF |
| 110 | 2 |aNational Clearinghouse on Family Violence (Canada). |
| 245 | 10|aViolence and people with disabilities : |h[electronic resource]|ba review of the literature / |cprepared by Miriam Ticoll. |
| 260 | |aOttawa - Ontario : |bHealth Canada. |cAugust 1994. |
| 300 | |a80p.|btables |
| 500 | |aThe catalogue number (H72-21/123/1994E) and ISBN (0-662-22712-3) for the print edition have been incorrectly copied in this electronic publication. |
| 504 | |aBibliography. |
| 590 | |a12-13-Supp|b2012-04-03 |
| 720 | 1 |aTicoll, Miriam |
| 775 | 08|tLa violence et les personnes ayant des incapacités : |w(CaOODSP)9.639802 |
| 776 | 0#|tViolence and people with disabilities : |w(CaOODSP)9.645701 |
| 856 | 40|ahttp://publications.gc.ca|qPDF|s210 KB|uhttps://publications.gc.ca/collections/Collection/H72-21-123-1994E.pdf |